000 00677nam a2200289Ia 4500
005 20260324124328.0
008 008 260324s9999 xx 000 0 eng d
020 _a9780203834718
037 _aEBOOK
040 _aCRL
040 _beng
040 _cCRL
041 _2eng
041 _aeng
084 _qCRL
100 _aGottfried Heuer
_91173726
245 0 _aSexual Revolutions
245 0 _bPsychoanalysis, History and the Father
260 _bTaylor and Francis
260 _c2010
365 _a
365 _b160
856 _uhttp://www.taylorfrancis.com/books/9780203834718
942 _cEBOOK
999 _c1768023
_d1768023